| 000 | 00881nam a2200253 i 4500 | ||
|---|---|---|---|
| 001 | 186404 | ||
| 003 | SpMaBN | ||
| 005 | 20230906222650.0 | ||
| 008 | 161107s1993 sp |||| |dspa d | ||
| 020 | _a84-7676-251-8 | ||
| 080 | _a821.133.1-14"18" | ||
| 100 | 1 |
_aLaforgue, Jules. _969518 |
|
| 245 | 1 | 0 |
_aObra poética _b= Oeuvre poétique / _cJules Laforgue ; cronología, introducción, traducción inédita y notas de Juan Bravo Castillo. |
| 246 | 3 | 1 | _aOeuvre poétique |
| 260 |
_aBarcelona : _bBosch, _c[1993] |
||
| 300 |
_a473 p. ; _c19 cm. |
||
| 490 | 1 | _aErasmo, textos bilingües | |
| 504 | _aBibliografía: p. 41-45. | ||
| 546 | _aTexto en francés y traducción en español. | ||
| 700 | 1 |
_aBravo Castillo, Juan. _931474 |
|
| 830 | 0 |
_aErasmo, textos bilingües _9192558 |
|
| 852 |
_aES-MaACL _jL-30771 _z. - Donat. Miguel A. Velasco |
||
| 999 |
_c186404 _d186404 |
||